000 00409nam a2200145Ia 4500
008 100122s9999 xx 000 0 und d
082 _b16421
_a823
100 _aगोगटे शकुंतला
245 _aसार्थक
260 _bकुलकर्णी ग्रंथगार
_c1970
300 _a120
630 _aसार्थक
730 _aसार्थक
942 _cBOOK
999 _c406369
_d406366